LEADER 01050nam a2200241 i 4500 001 000000108475 003 CaOOAMICUS 005 20040803000000.0 008 040803s2001 it u000 u ita u 013 $a81148 040 $aSeMil$bita 245 10$aVincenzo Bellini :$bla vita, le opere, l'eredità /$ca cura di Giorgio Taborelli ; saggi di Livio Aragona ... [et al.]. 260 $a[Italia] :$bCredito Artigiano,$ccopyr. 2001. 300 $a173 p. :$briccamente ill. ;$c30 cm. 500 $aIn custodia. 600 14$aBellini, Vincenzo <1801-1835>.$0(OLS)http://semarc/subject/16411 700 1 $aAragona, Livio.$0(OLS)http://semarc/name/45570 700 1 $aTaborelli, Giorgio.$0(OLS)http://semarc/name/45569 850 $aSeMil 852 $aSeMil$W1$xVenegono$y1$m5P VII 21$j64571$B64571$CSeMilBibl$Z2$F85298 $8I 961 $aOmaggio: Giudici Ecc. Giovanni 996 $6245$aVincenzo Bellini :$bla vita, le opere, l'eredità$9(OLS)http://semarc/title/157336 996 $6260$a[Italia] :$bCredito Artigiano$9(OLS)http://semarc/publisher/40322 LEADER 01117nam a2200241 i 4500 001 000000107226 003 CaOOAMICUS 005 20101119000000.0 008 101119s1961 it u000 u ita u 013 $a79449 040 $aSeMil$bita 245 13$aLa domenica :$baspetti storici, liturgici e pastorali /$channo collaborato Ferdinando Antonelli ... [et al.]. 260 $aMilano :$bOpera della Regalità di N.S.G.C.,$cimprim. 1961. 300 $a175 p. ;$c20 cm. 490 0 $aSussidi liturgico-pastorali ;$v3 650 4$aDomenica - Storia.$0(OLS)http://semarc/subject/5614 700 1 $aAntonelli, Ferdinando,$c.$0(OLS)http://semarc/name/15704 830 0$aSussidi liturgico-pastorali ;$v3.$0(OLS)http://semarc/title/7021 850 $aSeMil 852 $aSeMil$W1$xVenegono$y1$m3K II 519$j63322$B63322$CSeMilBibl$Z2$F158540 $81 961 $aLascito: Calcaterra don Carlo 996 $6245$aLa domenica :$baspetti storici, liturgici e pastorali$9(OLS)http://semarc/title/155550 996 $6260$aMilano :$bOpera della Regalità di N.S.G.C.$9(OLS)http://semarc/publisher/29788